Obduktion av en död utredning: om förslaget till ny fängelselag
| Authors: | ; |
|---|---|
| Format: | Print Book |
| Language: | Swedish |
| Published: |
Stockholm
Wahlström & Widstrand
1972
|
| In: |
W & W serien (18)
Year: 1972 |
| Availability in Tübingen: | Present in Tübingen. UB: KB 6 A 408 |
| Check availability: | HBZ Gateway |
| Subito Delivery Service: | Order now. |
MARC
| LEADER | 00000cam a22000002c 4500 | ||
|---|---|---|---|
| 001 | 1094340030 | ||
| 003 | DE-627 | ||
| 005 | 20220514141229.0 | ||
| 007 | tu | ||
| 008 | 910531s1972 xx ||||| 00| ||swe c | ||
| 035 | |a (DE-627)1094340030 | ||
| 035 | |a (DE-576)024340030 | ||
| 035 | |a (DE-599)BSZ024340030 | ||
| 035 | |a (OCoLC)185723752 | ||
| 040 | |a DE-627 |b ger |c DE-627 |e rakwb | ||
| 041 | |a swe | ||
| 100 | 1 | |a Edling, Stig |4 aut | |
| 245 | 1 | 0 | |a Obduktion av en död utredning |b om förslaget till ny fängelselag |c Stig Edling och Göran Elwin |
| 264 | 1 | |a Stockholm |b Wahlström & Widstrand |c 1972 | |
| 300 | |a 188 S. | ||
| 336 | |a Text |b txt |2 rdacontent | ||
| 337 | |a ohne Hilfsmittel zu benutzen |b n |2 rdamedia | ||
| 338 | |a Band |b nc |2 rdacarrier | ||
| 490 | 1 | |a W & W serien |v 18 | |
| 583 | 1 | |a Archivierung prüfen |c 20200919 |f DE-640 |z 2 |2 pdager | |
| 700 | 1 | |a Elwin, Göran |4 aut | |
| 830 | 0 | |a W & W serien |v 18 |9 18 |w (DE-627)320408442 |w (DE-576)024307394 |w (DE-600)2000988-4 |x 0509-5069 |7 am | |
| 951 | |a BO | ||
| ELC | |b 1 | ||
| LOK | |0 000 xxxxxcx a22 zn 4500 | ||
| LOK | |0 001 216527897X | ||
| LOK | |0 003 DE-627 | ||
| LOK | |0 004 1094340030 | ||
| LOK | |0 005 20020606000000 | ||
| LOK | |0 008 910531||||||||||||||||ger||||||| | ||
| LOK | |0 040 |a DE-21 |c DE-627 |d DE-21 | ||
| LOK | |0 852 |a DE-21 | ||
| LOK | |0 852 1 |c KB 6 A 408 |9 00 | ||
| LOK | |0 935 |a krim | ||
| LOK | |0 936ln |a k12.4 | ||
| LOK | |0 939 |a 31-05-91 |b l01 | ||
| ORI | |a SA-MARC-krimdoka001.raw | ||
| SIG | |a UB: KB 6 A 408 | ||
